| 000 | 00665nam a22001577a 4500 | ||
|---|---|---|---|
| 003 | OSt | ||
| 005 | 20151009092025.0 | ||
| 008 | 151009b xxu||||| |||| 00| 0 eng d | ||
| 040 | _cRUA | ||
| 082 | _aAVM HUY 2008 B070 Or.1 | ||
| 100 |
_92412 _aHUY, PISETH. |
||
| 245 | _aSurvey on small scale sow raising in lvea aem district, kandal province.ការអង្គេតលើការចិញ្ចឹមមេជ្រូកជាលក្ខណៈគ្រួសាររបស់កសិករនៅស្រុកល្វាឯម ខេត្តកណ្តាល. | ||
| 260 |
_aphnom phen _bRUA _c2008 |
||
| 300 |
_aXV,49p. _bill. _c29cm. |
||
| 942 |
_2ddc _cAVM |
||
| 999 |
_c2270 _d2270 |
||